América Latina:

Salvato in:
Dettagli Bibliografici
Autore principale: Ruiz Durán, Clemente
Natura: testo
Soggetti:
Tags: Aggiungi Tag
Nessun Tag, puoi essere il primo ad aggiungerne!!

MARC

LEADER 00000 a a2200000 04500
001 41956
003
040
100 |a Ruiz Durán, Clemente  
245 |a América Latina:   |a el problema de la deuda y propuestas de solución /  |c Clemente Ruiz Durán  
650 |a DEUDA EXTERNA  
650 |a AMERICA LATINA  
650 |a CRISIS MONETARIA  
650 |a CRECIMIENTO ECONOMICO  
773 |g volumen18, número68 ( , 1987), páginas 59-79  
999 |c 25193  |d 25193